=LDR 00000nam 2200000 4500 =001 INLIS000000000004868 =005 20130612093133 =008 ***********************************Ind** =035 ##$$0010-061300000004868 =041 ##$$a Ind =082 ##$$a 745.537 =090 ##$$a 745.537, Has m =100 ##$$a HASTORO, Indriyadi =245 ##$$a Membuat kerajinan dari bulu Unggas, Indriyadi Hastoro =260 ##$$a 2000 $b Jakarta =300 ##$$a viii, 49 hlm., ilus., 22 cm =650 ##$$a Kerajinan bulu =850 ##$$a NBPNMAT